| 000 | 00671nam a2200193 u 4500 | ||
|---|---|---|---|
| 005 | 20210223130322.0 | ||
| 008 | 071008s1999 r 000 0 eng d | ||
| 020 | _a9686914994 | ||
| 035 | _aUPN01000152690 | ||
| 049 | _aCG | ||
| 050 | 4 |
_aHT127.5 _bD4.7 |
|
| 245 | 0 | 1 |
_a¿Descentralización o desarticulación urbana? : _bdos visiones sobre el proceso de urbanización en los países en desarrollo / _ccomp. Javier Camas. |
| 260 |
_aMéxico : _bInstituto Mora : _bCIESAS, _c1999. |
||
| 300 |
_a286 p. : _bgráfs., cuadros |
||
| 440 | 0 | _aAntologías universitarias | |
| 650 | 4 |
_aURBANIZACION - _zAMERICA LATINA _96178 |
|
| 700 | 1 |
_aCamas, Javier, _ecomp. |
|
| 905 | _aLibro | ||
| 999 |
_c124813 _d124813 |
||